Famous People Who Were Eagle Scouts - Statistics

General Stats
  • This quiz has been taken 167 times
    23 since last reset
  • The average score is 11 of 19
Answer Stats
Life Hint Eagle Scout % Correct
1930–2012 Said "That's one small step for man, one giant leap for mankind." Neil Armstrong
100%
1913–2006 38th US president Gerald Ford
95%
1925–2020 Attorney, philanthropist, father of co-founder of Microsoft Bill Gates Sr.
86%
1942– Billionaire who was Mayor of New York City Michael Bloomberg
81%
1946– The most commercially successful film director of all time Steven Spielberg
81%
1993–2025 Political activist who founded Turning Point USA Charlie Kirk
76%
1946–2025 Director of surreal works like Twin Peaks and Eraserhead David Lynch
71%
1910–2001 Created Tom and Jerry, founded animation studio with Barbera William Hanna
67%
1954– Won Best Documentary Oscar for Bowling for Columbine Michael Moore
62%
1930–2019 Businessman, third party presidential candidate (1992 and 1996) Ross Perot
62%
1911–1986 Scientology founder and science fiction writer L. Ron Hubbard
52%
1969– Bearded comedian of The Hangover and Between Two Ferns Zach Galifianakis
52%
1918–1992 Founded Walmart Sam Walton
48%
1952– Pianist, pop composer, Entertainment Tonight host, sportscaster John Tesh
29%
1977– Best known as Napoleon Dynamite Jon Heder
29%
1932–2021 US secretary of defense (1975–1977 and 2001–2006) Donald Rumsfeld
24%
1962– Host of Dirty Jobs Mike Rowe
24%
1936–2014 District of Columbia mayor (1979–1991 and 1995–1999) Marion Barry
10%
1952– 69th US secretary of state (2017–18), ExxonMobil CEO Rex Tillerson
5%
No matching quizzes found
Score Distribution
Percent of People with Each Score
Percentile by Number Answered
Your Score History
You have not taken this quiz since the last reset